000 00429nam a2200169Ia 4500
003 GCL
008 140319s9999 xx 000 0 eng d
040 _aGCL /
_cGCL
082 0 4 _a320.5
_bV M
100 1 _aVINCENT, ANDREW
245 1 0 _aMODERN POLITICAL IDEOLOGIES /
_cVINCENT, ANDREW
260 _a[S.N] :
_bBLACK WELL ،
_c1992
300 _a310 P
650 0 4 _aPOLITICAL IDEOLOGY
650 0 4 _aSOCIALISM
942 _2ddc
_cBK
999 _c23852
_d23852